00341nam a2200133Ia 450000500170000000800410001702000150005808200130007310000180008624500200010426000400012430000120016450000310017620250624023235.0240331s9999 xx 000 0 und d a9552001595 bJAYa335 aJayawardena,M 0aUpathaka upatha aColombobS. Godage & Brothersc1989 a96 p ., aA book on birth of a birth